The total money makeover : (Record no. 709)
[ view plain ]
| 000 -LEADER | |
|---|---|
| fixed length control field | 02411cam a2200313 a 4500 |
| 005 - DATE AND TIME OF LATEST TRANSACTION | |
| control field | 20260322212031.0 |
| 008 - FIXED-LENGTH DATA ELEMENTS--GENERAL INFORMATION | |
| fixed length control field | data |
| 010 ## - LIBRARY OF CONGRESS CONTROL NUMBER | |
| LC control number | 2010286932 |
| 020 ## - INTERNATIONAL STANDARD BOOK NUMBER | |
| International Standard Book Number | 9781595550781 (cloth) |
| 020 ## - INTERNATIONAL STANDARD BOOK NUMBER | |
| International Standard Book Number | 159555078X (cloth) |
| 040 ## - CATALOGING SOURCE | |
| Original cataloging agency | VPW |
| Transcribing agency | VPW |
| Modifying agency | DLC |
| -- | C#L |
| -- | CDX |
| -- | DLC |
| 042 ## - AUTHENTICATION CODE | |
| Authentication code | lccopycat |
| 050 00 - LIBRARY OF CONGRESS CALL NUMBER | |
| Classification number | HG179 |
| Item number | .R31563 2009 |
| 092 ## - LOCALLY ASSIGNED DEWEY CALL NUMBER (OCLC) | |
| Classification number | 332 R315 2009 |
| 001 - CONTROL NUMBER | |
| control field | data |
| 100 1# - MAIN ENTRY--PERSONAL NAME | |
| Personal name | Ramsey, Dave. |
| 245 14 - TITLE STATEMENT | |
| Title | The total money makeover : |
| Remainder of title | a proven plan for financial fitness / |
| Statement of responsibility, etc. | Dave Ramsey. |
| 250 ## - EDITION STATEMENT | |
| Edition statement | [3rd ed.]. |
| 260 ## - PUBLICATION, DISTRIBUTION, ETC. | |
| Place of publication, distribution, etc. | Nashville, Tenn. : |
| Name of publisher, distributor, etc. | Thomas Nelson Pub., |
| Date of publication, distribution, etc. | c2009. |
| 300 ## - PHYSICAL DESCRIPTION | |
| Extent | xxv, 259 p. : |
| Other physical details | ill., forms ; |
| Dimensions | 25 cm. |
| 500 ## - GENERAL NOTE | |
| General note | "Revised 3rd edition"--Jacket. |
| 500 ## - GENERAL NOTE | |
| General note | Includes index. |
| 505 0# - FORMATTED CONTENTS NOTE | |
| Formatted contents note | Introduction: What this book is NOT -- Flying turkeys and skinny dipping -- The total money makeover challenge -- Denial: I'm not that out of shape -- Debt myths: the (non)secrets of the rich -- Two more hurdles: ignorance and keeping up with the Joneses -- Save {dollar}1,000 fast: walk before you run -- The debt snowball: lose weight fast, really -- Finish the emergency fund: kick Murphy out -- Maximize retirement investing: be financially healthy for life -- College funding: make sure the kids are fit too -- Pay off the home mortgage: be ultrafit -- Build wealth like crazy: Arnold Schwarzedollar, Mr. Universe of money -- Live like no one else -- Meet the winners of the Total Money Makeover Challenge -- Budgeting forms. |
| 520 ## - SUMMARY, ETC. | |
| Summary, etc. | "Ramsey offers a bold, no-nonsense approach to money matters, providing not only the how-to but also a grounded and uplifting hope for getting out of debt and achieving total financial health. Ramsey debunks the many myths of money (exposing the dangers of cash advance, rent-to-own, debt consolidation) and attacks the illusions and downright deceptions of the American dream, which encourages nothing but overspending and massive amounts of debt. "Don't even consider keeping up with the Joneses," Ramsey declares in his typically candid style. "They're broke!" This book isn't theory. It works every single time. It works because it is simple. It works because it gets to the heart of the money problems: you"--Publisher's description. |
| 650 #0 - SUBJECT ADDED ENTRY--TOPICAL TERM | |
| Topical term or geographic name entry element | Finance, Personal. |
| 650 #0 - SUBJECT ADDED ENTRY--TOPICAL TERM | |
| Topical term or geographic name entry element | Debt. |
| 906 ## - LOCAL DATA ELEMENT F, LDF (RLIN) | |
| a | 7 |
| b | cbc |
| c | copycat |
| d | 2 |
| e | epcn |
| f | 20 |
| g | y-gencatlg |
| 955 ## - COPY-LEVEL INFORMATION (RLIN) | |
| -- | xj15 2010-04-27 for to Dewey |
| Withdrawn status | Lost status | Damaged status | Not for loan | Home library | Current library | Shelving location | Date acquired | Total checkouts | Full call number | Barcode | Date last seen | Price effective from | Koha item type |
|---|---|---|---|---|---|---|---|---|---|---|---|---|---|
| Springfield | Springfield | General stacks | 22/03/2026 | HG179 .R31563 2009 | BC0010726 | 22/03/2026 | 22/03/2026 | Books |